|
|
|
|
| LEADER |
00000nab a2200000 a 4500 |
| 001 |
vtls010279361 |
| 003 |
SK-MaSNL |
| 005 |
20260305041105.0 |
| 008 |
110518c20110510xo dr| 0 0slo |
| 038 |
|
|
|a RVGKPD
|
| 040 |
|
|
|a RVGKPD
|b slo
|c RVGKPD
|e AACR2
|
| 041 |
|
|
|a slo
|
| 044 |
|
|
|a xo
|c SK
|
| 080 |
|
|
|a 796.332
|2 1997
|
| 100 |
1 |
|
|a Podolinský, Peter,
|d 1974-
|4 aut
|9 872876
|
| 245 |
1 |
0 |
|a Rudná pomohla Brzotínu k remíze
|b susedské derby priniesli minimum gólov
|c Peter Podolinský
|
| 300 |
|
|
|b Fotogr.
|
| 650 |
0 |
7 |
|a futbal
|2 rvgkpd
|9 3291
|
| 651 |
|
7 |
|a Rožňava (Slovensko : okres)
|2 rvgkpd
|9 19215
|
| 773 |
0 |
|
|t Gemerský korzár
|g Roč. XIII, č. 107 (10.5.2011), s. 16
|x 1335-7581
|
| 852 |
|
|
|a RVGKPD
|b KIS3G
|
| 856 |
4 |
1 |
|u http://korzar.sme.sk/c/5885986/rudna-pomohla-brzotinu-k-remize.html
|
| 992 |
|
|
|a RBX
|
| 999 |
|
|
|c 3342003
|d 3343933
|